00372 2200157 4500001002100000005001500021035002000036245004100056100001800097300001200115260003200127082000800159084001400167020002100181990001200202INLIS00000000000177420250505033038 a0010-05250000661 a29 Juz Harga Wanita /cMa'mun Affany0 aMa'mun Affany a352 hlm aPekalongan :bAffany,c2016 a813 a813 MA' d a978-979-1699-1-4 a0754593